书目信息 |
| 题名: |
长征史诗
|
|
| 作者: | 何辉 著 | |
| 分册: | ||
| 出版信息: | 北京 人民日报出版社 2016 |
|
| 页数: | 708页 | |
| 开本: | 23cm | |
| 丛书名: | ||
| 单 册: | ||
| 中图分类: | I227.3 | |
| 科图分类: | ||
| 主题词: | 叙事诗--中国--当代 | |
| 电子资源: | ||
| ISBN: | 978-7-5115-3910-6 | |
| 000 | 00856nam0 2200229 450 | |
| 001 | 012001005209 | |
| 005 | 20141008090356.0 | |
| 010 | @a978-7-5115-3910-6@dCNY118.00 | |
| 100 | @a20161020d2016 em y0chiy50 ea | |
| 101 | 0 | @achi |
| 102 | @aCN@b110000 | |
| 105 | @ay z 000gy | |
| 106 | @ar | |
| 200 | 1 | @a长征史诗@9chang zheng shi shi@e普及版@f何辉著 |
| 210 | @a北京@c人民日报出版社@d2016 | |
| 215 | @a708页@d23cm | |
| 330 | @a《长征史诗》是一部叙事诗,是当代第一部用史诗体裁来写长征的作品,同时也是让广大读者了解长征历史的一部生动上口的作品。全诗分段押韵,共三十七卷,近两万行。整部史诗一气呵成,浑然一体,记录了长征这一人类历史上的伟大奇迹,同时全面展现了红军长征气势磅礴的历史画卷。 | |
| 606 | 0 | @a叙事诗@y中国@z当代 |
| 690 | @aI227.3@v5 | |
| 701 | 0 | @a何辉@9he hui@4著 |
| 801 | 0 | @aCN@b上海新华@c20180901 |
| 905 | @b1173140-3@dI227.3@e564@f4 | |
| 长征史诗:普及版/何辉著.-北京:人民日报出版社,2016 |
| 708页;23cm |
| ISBN 978-7-5115-3910-6:CNY118.00 |
| 《长征史诗》是一部叙事诗,是当代第一部用史诗体裁来写长征的作品,同时也是让广大读者了解长征历史的一部生动上口的作品。全诗分段押韵,共三十七卷,近两万行。整部史诗一气呵成,浑然一体,记录了长征这一人类历史上的伟大奇迹,同时全面展现了红军长征气势磅礴的历史画卷。 |
| ● |
| 相关链接 |
|
|
|
|
正题名:长征史诗
索取号:I227.3/564
 
预约/预借
| 序号 | 登录号 | 条形码 | 馆藏地/架位号 | 状态 | 备注 |
| 1 | 1173140 | 211731401 | 第一样本阅览室/ [索取号:I227.3/564] | 在馆 | |
| 2 | 1173141 | 211731410 | 密集书库-文学院/ [索取号:I227.3/564] | 在馆 | |
| 3 | 1173142 | 211731429 | 第二借阅区/ [索取号:I227.3/564] | 在馆 | |
| 4 | 1173143 | 211731438 | 第二借阅区/ [索取号:I227.3/564] | 在馆 |